[Event "27e Open International Avoine"]
[Site "Espace culturel d'Avoine-37420"]
[Date "2012.07.28"]
[Round "8.48"]
[White "O'Sullivan, Thomas"]
[Black "Deslias, Gregoire"]
[Result "0-1"]
[WhiteElo "1843"]
[BlackElo "2075"]
[PlyCount "56"]
[EventDate "2012.??.??"]

1. d4 d5 2. c4 dxc4 3. e3 Nf6 4. Bxc4 e6 5. Nf3 a6 6. O-O Nbd7 7. Nc3 b5 8. Bb3
c5 9. a3 Bb7 10. Qe2 Be7 11. Rd1 O-O 12. Bc2 Qc7 13. e4 cxd4 14. Nxd4 Bc5 15.
Bg5 Qe5 16. Nf3 Qc7 17. e5 Bxf3 18. Qxf3 Nxe5 19. Qg3 Nfg4 20. Ne4 f5 21. Nxc5
Qxc5 22. Rac1 Nf7 23. Be4 Qxf2+ 24. Qxf2 Nxf2 25. Kxf2 fxe4 26. Be7 Rfe8 27.
Rd7 Ne5 28. Rb7 Nd3+ 0-1

[Event "27e Open International Avoine"]
[Site "Espace culturel d'Avoine-37420"]
[Date "2012.07.28"]
[Round "8.49"]
[White "Vekemans, Sylvain"]
[Black "Bodicker, Rob"]
[Result "0-1"]
[WhiteElo "1779"]
[BlackElo "2070"]
[PlyCount "76"]
[EventDate "2012.??.??"]

1. c4 Nf6 2. Nc3 e5 3. g3 d5 4. cxd5 Nxd5 5. Bg2 Nb6 6. Nf3 Nc6 7. O-O Be7 8.
d3 Be6 9. a3 O-O 10. Bd2 f6 11. Rb1 a5 12. Ne1 Nd4 13. Bxb7 Bb3 14. Qc1 Nd5 15.
Bxd5+ Bxd5 16. Nc2 Be6 17. Nxd4 exd4 18. Ne4 a4 19. Bf4 Bd6 20. Bxd6 cxd6 21.
Qc6 Bb3 22. Qxd6 f5 23. Qxd8 Raxd8 24. Nc5 Rfe8 25. Nxb3 axb3 26. Rfe1 Rc8 27.
e3 Rc2 28. h3 Rd2 29. Kf1 Rc8 30. Red1 dxe3 31. fxe3 Rh2 32. d4 Rcc2 33. Kg1
Rxh3 34. Rd3 Rxg3+ 35. Kf1 Rh3 36. Kg1 f4 37. Rxb3 f3 38. Rd3 Rg2+ 0-1